Music Quiz

Random Music or Rock Quiz

Album to Artist ('80s) Quiz Stats

 Plays Quiz Updated Sep 6, 2016

Challenge
Share
Tweet
Embed
Score 0/50 Timer 06:00
3 Plays Today
% Correct
Bruce Springsteen
97.8%
Prince
88.6%
AC|DC
82.5%
David Bowie
78.8%
Guns N' Roses
76.3%
Paul Simon
74.6%
Tina Turner
74.6%
George Michael
74%
The Police
72%
N.W.A.
70.5%
Metallica
69.7%
Dire Straits
67.9%
Beastie Boys
67.4%
Def Leppard
62.2%
Bon Jovi
61.5%
U2
59.5%
Iron Maiden
59.3%
Van Halen
58.9%
Milli Vanilli
56.9%
Janet Jackson
56.8%
The Rolling Stones
56.1%
Genesis
54.9%
New Kids on the Block
53.6%
Neil Diamond
53.5%
Paula Abdul
53.3%
% Correct
Phil Collins
53.1%
The Clash
51.5%
Cyndi Lauper
51.2%
Huey Lewis and the News
49.3%
ZZ Top
49.2%
Peter Gabriel
48.3%
John Cougar Mellencamp
44.7%
Quiet Riot
44.4%
Public Enemy
44.1%
INXS
44%
The Go-Go's
43.6%
The Smiths
43.5%
Aerosmith
41.8%
Tears for Fears
40.8%
The B-52's
40.3%
Billy Joel
37.7%
Men at Work
36.1%
Bobby Brown
34%
Journey
31.1%
R.E.M.
30.4%
Tom Waits
29.7%
REO Speedwagon
28.9%
Foreigner
27.8%
Lionel Richie
27.7%
Run-D.M.C.
25.7%

You're not logged in!

Compare scores with friends on all Sporcle quizzes.
OR
Log In

You Might Also Like...

Show Comments

Extras

Top Quizzes Today


Score Distribution

Your Account Isn't Verified!

In order to create a playlist on Sporcle, you need to verify the email address you used during registration. Go to your Sporcle Settings to finish the process.

Report this User

Report this user for behavior that violates our Community Guidelines.

Details: